00268nam a2200097Ia 4500001000800000005001700008008004100025020001800066245006700084260001900151127592920260417160437.0260417s9999 xx 000 0 und d a9786256495197 0aHalide Edip Adıvar ve Kahverengi ValizcBüşra Şen Altun bKetebe Çocuk